Kavyameemamse Hosa Holahugalu: (Record no. 229333)
[ view plain ]
| 000 -LEADER | |
|---|---|
| fixed length control field | 00955nam a22002177a 4500 |
| 005 - DATE AND TIME OF LATEST TRANSACTION | |
| control field | 20231128142920.0 |
| 008 - FIXED-LENGTH DATA ELEMENTS--GENERAL INFORMATION | |
| fixed length control field | 231128b ||||| |||| 00| 0 eng d |
| 020 ## - INTERNATIONAL STANDARD BOOK NUMBER | |
| International Standard Book Number | 9789383765966 |
| 040 ## - CATALOGING SOURCE | |
| Transcribing agency | AL |
| 041 ## - LANGUAGE CODE | |
| Language code of text/sound track or separate title | kan |
| 082 ## - DEWEY DECIMAL CLASSIFICATION NUMBER | |
| Edition number | 23 |
| Classification number | K894.9 |
| Item number | PADK |
| 100 ## - MAIN ENTRY--PERSONAL NAME | |
| Personal name | Padekallu Narasimha Bhatta: ಪಾದೆಕಲ್ಲು ನರಸಿಂಹ ಭಟ್ಟ |
| 100 ## - MAIN ENTRY--PERSONAL NAME | |
| 9 (RLIN) | 143656 |
| 245 ## - TITLE STATEMENT | |
| Title | Kavyameemamse Hosa Holahugalu: |
| Remainder of title | ಕಾವ್ಯಮೀಮಾಂಸೆ ಹೊಸ ಹೊಳಹುಗಳು |
| 260 ## - PUBLICATION, DISTRIBUTION, ETC. | |
| Place of publication, distribution, etc. | Mangalore |
| Name of publisher, distributor, etc. | Prasaranga Mangalore University |
| Date of publication, distribution, etc. | 2015 |
| 300 ## - PHYSICAL DESCRIPTION | |
| Extent | xii,245p. |
| Other physical details | PB |
| Dimensions | 21x14cm |
| 365 ## - TRADE PRICE | |
| Source of price type code | Kannada |
| Price type code | 063-65 |
| Price amount | 100.00 |
| Currency code | ₹ |
| Unit of pricing | 200.00 |
| Price note | 50% |
| Price effective from | 23-11-2023 |
| 650 ## - SUBJECT ADDED ENTRY--TOPICAL TERM | |
| Topical term or geographic name entry element | Kannada Criticism: ಕನ್ನಡ ವಿಮರ್ಶೆ |
| 9 (RLIN) | 143652 |
| 650 ## - SUBJECT ADDED ENTRY--TOPICAL TERM | |
| Topical term or geographic name entry element | Kannada Literature: ಕನ್ನಡ ಸಾಹಿತ್ಯ |
| 9 (RLIN) | 143653 |
| 700 ## - ADDED ENTRY--PERSONAL NAME | |
| Personal name | BHATTA (Padekallu Narasimha): ಭಟ್ಟ (ಪಾದೆಕಲ್ಲು ನರಸಿಂಹ) |
| 9 (RLIN) | 143654 |
| 942 ## - ADDED ENTRY ELEMENTS (KOHA) | |
| Source of classification or shelving scheme | Dewey Decimal Classification |
| Koha item type | Book |
| Withdrawn status | Lost status | Source of classification or shelving scheme | Damaged status | Not for loan | Collection code | Home library | Current library | Date acquired | Source of acquisition | Cost, normal purchase price | Total Checkouts | Full call number | Barcode | Date last seen | Cost, replacement price | Price effective from | Koha item type |
|---|---|---|---|---|---|---|---|---|---|---|---|---|---|---|---|---|---|
| Dewey Decimal Classification | Kannada | St Aloysius Library | St Aloysius Library | 11/24/2023 | Prasaranga Mangalore University | 100.00 | K894.9 PADK | 076949 | 11/28/2023 | 200.00 | 11/28/2023 | Book |